000 00728nam a2200253Ia 4500
003 OSt
005 20220926012038.0
006 a|||||r|||| 00| 0
007 ta
008 220923b |||||||| |||| 00| 0 eng d
020 _a0877690650
037 _cGeneral Book
040 _aRTL
_cRTL
_beng
041 _2eng
_aeng
082 _aY:(D6,9(B), L1
100 _aSACKMAN Harold
_9315438
245 0 _aMass information utilities and social excellence
260 _aNew York
_bAuerbach
_c1971
300 _aviii,284p
_ccm.
500 _aBibiliography P 265-71
650 _aSociometry
942 _hY:(D6,9(B), L1
_cGB
_2CC
999 _c621588
_d621588